Biofuels (Record no. 8369)

MARC details
000 -LEADER
fixed length control field 00440nam a2200169Ia 4500
008 - FIXED-LENGTH DATA ELEMENTS--GENERAL INFORMATION
fixed length control field 230917s9999||||xx |||||||||||||| ||und||
020 ## - ISBN
Price RS 2895.00
040 ## - CATALOGING SOURCE
-- 5001708
Original cataloging agency VIVEKANANDA LIBRARY
041 ## - Language
-- English
082 ## - DDC NUMBER
Classification number 333.9539 P886B
100 ## - MAIN ENTRY--PERSONAL NAME
Personal name Prasad, Shiv
245 #0 - TITLE STATEMENT
Title Biofuels
260 ## - PUBLICATION, DISTRIBUTION, ETC. (IMPRINT)
Place of publication, distribution, etc Delhi
Name of publisher, distributor, etc Narendra Publishing House
Date of publication, distribution, etc 2021
300 ## - PHYSICAL DESCRIPTION
Pages xix, 336 p.
500 ## - GENERAL NOTE
General note 4993 05/01/2023 JPH23/00094 23/01/2023 UIET (SFS)
942 ## - ADDED ENTRY ELEMENTS (KOHA)
Koha item type Books
Holdings
Withdrawn status Lost status Damaged status Not for loan Location (home branch) Sublocation or collection (holding branch) Shelving location Date acquired Koha issues (times borrowed) Koha full call number Accession No. Koha date last seen Koha item type
        VIVEKANANDA LIBRARY VIVEKANANDA LIBRARY UIET Library 03/03/2023   333.9539 P886B 403372 17/09/2023 Books
© Designed and Maintained by Vivekananda Library, MDU Rohtak